000
00320nam a22001457a 4500
008
210303b ||||| |||| 00| 0 eng d
020
_a
9781559638319
041
_a
eng
080
_a
574
082
_a
574
100
_a
9
101
_a
MJE
245
_a
The Wellbeing of Nations
_c
Prescott-Allen, R
942
_2
udc
_c
BK
999
_c
55687
_d
55687